000
00424nam a22001577a 4500
003
OSt
005
20120302145035.0
008
090420t xxu||||| |||| 00| 0 eng d
035
_a
२८३४
040
_c
मराठी
100
_a
शेळके, उध्दव ज.
_9
3636
245
_a
सुनंदा
260
_a
पुणे
_b
अनुपम
300
_b
२२६ पाने
942
_2
ddc
_c
BOOK
999
_c
488801
_d
488798